Statistics for Bordering Countries Beginning With the Same Letter - No Hints!

Click here to take the quiz!

General Stats

  • This quiz has been taken 1,060 times
    (356 since last reset)
  • The average score is 21 of 30

Answer Stats

LetterAnswer% Correct
IIraq
83%
IIran
83%
CChad
82%
CCameroon
81%
BBrazil
80%
CCentral African Republic
80%
BBolivia
79%
MMali
79%
SSouth Sudan
78%
SSudan
78%
CCongo (Rep. of)
78%
MMauritania
77%
NNiger
76%
NNigeria
76%
ZZambia
74%
ZZimbabwe
73%
EEthiopia
70%
KKyrgyzstan
70%
KKazakhstan
69%
EEritrea
69%
LLatvia
67%
LLithuania
67%
AArmenia
63%
GGuinea
61%
AAzerbaijan
61%
GGuinea-Bissau
60%
MMozambique
57%
MMalawi
57%
BBenin
50%
BBurkina Faso
49%

Score Distribution

Percentile by Number Answered

Percent of People with Each Score

Your Score History

You have not taken this quiz since the last reset